| 000 | 00846nam a2200217 i 4500 | ||
|---|---|---|---|
| 001 | 120287 | ||
| 003 | ES-MaACL | ||
| 005 | 20250910203414.0 | ||
| 007 | t| | ||
| 008 | 070214s1966 sp r ||||1| spa d | ||
| 245 | 0 | 0 |
_aPoesía belga contemporánea _b: francesa y neerlandesa / _cselección y nota preliminar de Edmond Vandercammen, Karel Jonckheere ; traducción del francés por Alvarez Ortega y del neerlandés por Francisco Carrasquer. |
| 260 |
_aMadrid : _bAguilar, _c1966. |
||
| 300 |
_a364 p. ; _c21 cm. |
||
| 700 | 1 |
_aVandercammen, Edmond. _9113061 |
|
| 700 | 1 |
_aJonckheere, Karel. _966824 |
|
| 700 | 1 |
_aCarrasquer Launed, Francisco, _d1915-2012 _9242242 |
|
| 700 | 1 |
_aÁlvarez Ortega, Manuel, _d1923- _9152996 |
|
| 852 |
_aES-MaACL _jC-30982 _bR.61414 |
||
| 852 |
_aES-MaACL _jC-34699 _bR.66306 |
||
| 999 |
_c120287 _d120287 |
||